[Event "Yingmei Cup CHN-chT 2017"]
[Site "?"]
[Date "2017.07.29"]
[Round "11"]
[White "Gu, Tianlu"]
[Black "Tan, Zhongyi"]
[Result "1-0"]
[WhiteElo "2212"]
[BlackElo "2508"]
[Annotator "TA"]
[PlyCount "75"]
[EventDate "2017.??.??"]
[SourceTitle "Ningbo"]

1. d4 Nf6 2. c4 e6 3. g3 c5 4. d5 exd5 5. cxd5 d6 6. Nc3 g6 7. Bg2 Bg7 8. Nf3
O-O 9. O-O Re8 10. Nd2 b6 11. Re1 {A62: Modern Benoni: Fianchetto Variation
without early ...Nbd7} (11. a4 Nbd7 12. Nb5 Ne5 13. f4 Neg4 14. Nc4 Ne4 15.
Bxe4 Rxe4 16. Ncxd6 Bd4+ 17. Kg2 Qe7 18. Re1 Bf2 19. Nxc8 Rxc8 {0-1 (44)
Babujian,L (2438)-Amonatov,F (2632) Mumbai 2017}) 11... Ba6 {LiveBook: 3 Games}
(11... Nbd7 $11) 12. Nde4 b5 $146 ({Predecessor:} 12... Nxe4 13. Nxe4 Qc7 14.
Bf4 Rxe4 15. Bxe4 Bxb2 16. Rb1 Bc3 17. Bd2 Bxd2 18. Qxd2 Nd7 {1-0 (40) Alexa,J
(2338)-Kregelin,J (2308) ICCF email 2010}) 13. Bg5 {White is slightly better.}
h6 14. Nxf6+ Bxf6 15. Bxf6 Qxf6 16. Ne4 Qe5 (16... Rxe4 $142 17. Bxe4 Qxb2) 17.
Qd2 $16 f5 (17... Nd7 $16 {is a better defense.} 18. Qxh6 Rab8) 18. f4 $1 $18 (
18. Qxh6 fxe4 19. Qxg6+ Kf8 $16) 18... Qg7 19. Nf2 (19. Nxd6 $18 Rd8 20. e4
Rxd6 21. e5) 19... Nd7 20. e4 $1 $36 {Keeping Black busy.} Nb6 21. Qa5 ({
White should play} 21. exf5 gxf5 22. Qa5 Rxe1+ 23. Rxe1) 21... Qb7 $2 (21...
Bc8 $16) 22. e5 (22. exf5 $18 {Hoping for Ne4.} Nc4 23. Qc3 gxf5 24. b3) 22...
Nc4 $16 23. Qc3 b4 24. Qc2 dxe5 $2 {[#]} (24... Rab8 $16 {was called for.}) 25.
d6 $1 $18 e4 {[#]} (25... Nxd6 26. Bxb7) 26. Nxe4 $1 fxe4 (26... Rxe4 27. Rxe4)
27. Bxe4 Rxe4 28. Rxe4 {Black must now prevent Re7.} Nxd6 29. Re6 Nf5 {and if .
..Kh7 works, Black does fine.} 30. Rxg6+ Ng7 31. Re1 (31. Rxh6 Bb5 $18) 31...
Bb5 {[#]} 32. Qxc5 ({Not} 32. Rxh6 Qd5 $16) (32. Qb3+ $1 $18 {and the rest is
easy.} Kh7 {[#]} 33. Ree6 $1) 32... Re8 $16 33. Re5 ({Much weaker is} 33. Qxb4
$6 Rxe1+ 34. Qxe1 Qd5 $11) 33... Rxe5 $2 (33... a6 $16) 34. Qxe5 $18 Bd3 (34...
Kh7 $142 35. Qf6 Qd7 36. Rxg7+ (36. Rxh6+ Kg8 $16) 36... Qxg7 37. Qf5+ Qg6 38.
Qxb5 Qb1+ 39. Qf1 Qxb2 40. Qd3+ Kh8) 35. Qe6+ Kh8 $2 (35... Qf7) 36. Rxh6+ {
White is clearly winning.} Bh7 37. Qg6 Nf5 38. Qxf5 {Precision: White = 54%,
Black = 26%.} 1-0

[Event "Yingmei Cup CHN-chT 2017"]
[Site "?"]
[Date "2017.07.29"]
[Round "11"]
[White "Wang, Doudou"]
[Black "Stefanova, Antoaneta"]
[Result "1/2-1/2"]
[WhiteElo "2207"]
[BlackElo "2510"]
[Annotator "TA"]
[PlyCount "128"]
[EventDate "2017.??.??"]
[SourceTitle "Ningbo"]

1. d4 g6 2. c4 Bg7 3. Nc3 d6 4. Nf3 e5 5. dxe5 dxe5 6. Qxd8+ Kxd8 7. Bg5+ f6 8.
O-O-O+ Nd7 9. Be3 {A41:1 d4 d6: Tartakower System and Modern Defence} (9. Bh4 {
feels hotter.} g5 10. Bg3 h5 11. h4 g4 12. Nd2) 9... Bh6 10. Nd5 {Strongly
threatening Bxh6.} (10. Bxh6 Nxh6 11. h3 c6 12. g4 Nf7 13. e3 Ke7 14. Be2 a5
15. Ne4 Nb6 16. b3 Rd8 {1-0 (43) Gajewski,G (2621)-Sadovsky,A (2414) St
Petersburg 2016}) 10... Bxe3+ 11. Nxe3 h5 $146 ({Predecessor:} 11... c6 12. g3
Kc7 13. Bg2 Ne7 14. h4 Nc5 15. Nd2 a5 16. Ne4 Nxe4 17. Bxe4 {1-0 (54) Macek,V 
(2214)-Grabics,M (2326) Rijeka 2005}) 12. g3 {Hoping for Bh3.} c6 13. Nh4 Ne7
14. f4 Kc7 15. Bg2 Re8 (15... exf4 $15 16. gxf4 Nc5) 16. Nc2 (16. f5 $1 $11)
16... exf4 $15 17. gxf4 g5 18. fxg5 fxg5 19. Nf3 g4 $1 20. Nfd4 Ne5 21. b3 Bd7
22. Rhf1 Rf8 23. Ne3 h4 24. Kd2 Rg8 25. Rf6 h3 26. Be4 g3 27. hxg3 ({White
should try} 27. Ne6+ $11 Kb6 28. c5+ Ka5 29. Kc3) 27... Rxg3 28. Nf3 Nxf3+ ({
Black should play} 28... Ng8 $17 29. Rf4 Re8) 29. Bxf3 Rh8 30. Rf7 Re8 (30...
Kd8 $15) 31. Ke1 $11 Be6 32. Rh7 Bg8 33. Rh6 {[#]} (33. Rh5 $1 $11) 33... Rxf3
$1 $17 34. exf3 {Kf2 is the strong threat.} Nf5 $1 $36 {Black is really
pushing.} 35. Rxh3 Nxe3 36. Rd2 Nxc4+ $1 37. Re2 Rxe2+ 38. Kxe2 Nd6 39. Ke3 c5
40. Kf4 a5 41. Ke5 {[#]} a4 $1 42. f4 (42. bxa4 Bxa2) 42... axb3 (42... Nf7+ {
is more complex.} 43. Kf6 Nd8 44. Rg3 Bd5 45. Ke5 Bf7) 43. axb3 c4 44. bxc4 {
The position is equal.} Nxc4+ 45. Kd4 Nd6 46. Ke5 b5 47. Rg3 Ba2 48. Rg2 Bc4
49. f5 Nf7+ 50. Kd4 Kb6 (50... Kd6 $5) 51. Rc2 Nd6 52. f6 Bf7 53. Rb2 (53. Ke5
$5 Nc4+ 54. Kd4 $11) 53... Kc6 (53... Nc4 $5 54. Rc2 Na5 $11) 54. Rb1 Nc4 55.
Rc1 Kb6 56. Rb1 Na3 57. Rb2 Kc6 58. Re2 b4 59. Re7 Nb5+ (59... b3 $5 60. Kc3
Nb5+ 61. Kb2 Nd6 $11) 60. Kd3 Bg6+ 61. Kc4 Nd6+ (61... b3 $5 62. Kxb3 Nd6 $11)
62. Kxb4 Kd5 63. Rd7 Ke6 64. Rxd6+ Ke5 {Precision: White = 64%, Black = 58%.}
1/2-1/2

[Event "Yingmei Cup CHN-chT 2017"]
[Site "?"]
[Date "2017.07.29"]
[Round "11"]
[White "Ning, Kaiyu"]
[Black "Zhu, Jiner"]
[Result "1-0"]
[WhiteElo "2131"]
[BlackElo "2154"]
[Annotator "TA"]
[PlyCount "77"]
[EventDate "2017.??.??"]
[SourceTitle "Ningbo"]

1. d4 Nf6 2. Nf3 b6 3. g3 Bb7 4. Bg2 e6 5. O-O c5 6. c4 cxd4 7. Nxd4 Bxg2 8.
Kxg2 Qc8 9. b3 Be7 10. Ba3 {A30: Symmetrical English: Double Fianchetto and
Hedgehog} d6 (10... Bxa3 11. Nxa3 a6 12. Rc1 O-O 13. Nb1 Nc6 14. Nc3 Ne5 15.
Nf3 Qb7 16. Qd6 Nxf3 17. exf3 Rfc8 {1/2-1/2 (88) Zhou,J (2636)-Yu,Y (2672)
Hefei 2011}) 11. Nc3 O-O 12. e4 $146 {White is slightly better.} ({Find the
theoretical novelty and annotate with similar games:} 12. Qd3 Nbd7 13. f4 Qb7+
14. Qf3 Qxf3+ 15. Kxf3 Rfc8 {1-0 (44) Kakadelis,E (2275) -Georgakopoulos,A 
(2069) Attica 2003}) 12... a6 13. e5 Ne8 14. Ne4 Qb7 15. Qf3 d5 16. Nd6 Nxd6
17. exd6 Bf6 18. Rad1 $36 {White is in control.} Bxd4 19. Rxd4 Nc6 {[#]} 20.
Rh4 $1 {And now Qh5 would win.} f6 21. cxd5 Ne5 22. Qe4 exd5 $2 (22... Qxd5 $16
23. Qxd5 exd5) 23. Qxh7+ $18 Kf7 {intending ... Rh8.} 24. Qh5+ Kg8 25. f4 d4+
26. Kg1 Nc6 27. Qd5+ Rf7 28. Qh5 $2 (28. Qf5 $18 {Threatening mate with Qh7+.}
g6 29. Qxg6+ Rg7 30. Qh5) 28... Rd7 $2 (28... Rff8 $11 29. Qh7+ Kf7) 29. Re1
Qc8 30. Qd5+ (30. Qh7+ $142 Kf8 31. Rg4 g5 32. Qg6 Raa7 33. fxg5 Ne5 {[#]} 34.
Rxe5 $1 fxe5 35. Rh4) 30... Rf7 31. Rc1 Qe8 32. Qxc6 Qe3+ 33. Kh1 Re8 34. f5 d3
35. Bb4 Rd8 36. Re1 {White mates.} Qf2 37. d7 Qxe1+ 38. Bxe1 Rfxd7 39. Bf2 {
Precision: White = 80%, Black = 38%.} (39. Qe6+ $142 Rf7 40. Qxb6 Rff8 41. Bd2
Rde8 42. Qxa6 Rd8 43. Qe6+ Rf7 44. a4) 1-0

[Event "Yingmei Cup CHN-chT 2017"]
[Site "?"]
[Date "2017.08.18"]
[Round "12"]
[White "Ding, Liren"]
[Black "Li, Di"]
[Result "1-0"]
[WhiteElo "2759"]
[BlackElo "2485"]
[Annotator "TA"]
[PlyCount "141"]
[EventDate "2017.??.??"]
[SourceTitle "Wuxi"]

1. c4 e6 2. Nc3 d5 3. d4 Nf6 4. cxd5 exd5 5. Bg5 Nbd7 6. e3 Be7 7. Bd3 c6 8.
Nge2 O-O 9. Qc2 Re8 10. O-O Nf8 11. a3 {LiveBook: 50 Games} h6 {D36: Queen's
Gambit Declined: Exchange Variation: Main line (5 Bg5 c6 6 Qc2)} (11... g6 12.
b4 Ne6 13. Bh4 a6 14. Na4 Nd7 15. Bg3 Bh4 16. Nac3 Bxg3 17. Nxg3 Qe7 18. Rab1
a5 19. Nce2 axb4 20. axb4 {1-0 (46) Maiorov,N (2527)-Hemant,S (2380) Kazan 2017
}) 12. Bh4 Ng4 13. Bxe7 Qxe7 {White is slightly better.} 14. h3 Nf6 15. Ng3
$146 ({Predecessor:} 15. b4 a6 16. Rfb1 Nh5 17. a4 Qg5 18. Kh2 Qf6 19. Ng1 Bd7
{1-0 (37) Suto,G (2160)-Barabas,T Miskolc 1996}) 15... Bd7 16. b4 a5 17. Na4
axb4 18. axb4 Qxb4 19. Nc5 Rxa1 20. Rxa1 Rb8 21. Qa2 Qb6 $1 22. Rb1 Qd8 23.
Nxb7 Qc7 24. Nc5 Rxb1+ 25. Qxb1 Bc8 26. Qb4 g6 27. Ne2 Kg7 28. Nf4 h5 29. Bc2
Ng8 30. Ncd3 Bf5 31. Qc3 {Black must now prevent Nxd5!} Ne7 32. Nc5 Bxc2 33.
Qxc2 Qd6 34. Qb2 (34. g3 {feels hotter.} Nd7 35. Ncd3 Nf6 36. h4 Qb8 37. Kg2)
34... Nd7 35. Nxd7 (35. Ncd3 {is more complex.} h4 36. Ne1 Nf8 37. Qb7 f6 38.
Nf3) 35... Qxd7 36. Qb8 Qf5 37. Qc7 Qe4 38. h4 Nf5 39. Kh2 Nh6 40. Kg3 ({
Of course not} 40. Qxc6 Ng4+ 41. Kg3 Nxe3 $1 $17) 40... Nf5+ 41. Kh2 Nh6 42.
Nh3 ({But not} 42. Qxc6 Ng4+ 43. Kg3 Nxe3 $1 $17) 42... Ng4+ 43. Kg3 Qe6 44.
Qf4 Nh6 (44... Qe7 {is interesting.} 45. Ng5 f6 46. Nf3 c5 47. dxc5 Qxc5 48.
Nd4 Qb6) 45. Ng5 (45. Kh2 {with more complications.} Ng4+ 46. Kg1 Nh6 47. Ng5
Qf6 48. Qf3) 45... Qg4+ (45... Qf5 {keeps more tension.} 46. Nf3 Qb1 47. Qe5+
Kg8 48. Qe8+ Kg7) 46. Qxg4 Nxg4 $11 {Endgame KN-KN} 47. Kf3 Kf6 48. Ke2 Ke7 49.
f3 Nh6 50. e4 dxe4 51. fxe4 Ng4 52. Kd3 Nf2+ 53. Ke3 Ng4+ 54. Kf4 f6 55. Nf3
Kd6 56. Nd2 c5 57. Nc4+ Kc6 58. d5+ Kb5 $2 {[#]} (58... Kc7 $11) 59. e5 $1 $18
fxe5+ 60. Nxe5 Nf6 $2 (60... Nxe5 61. Kxe5 c4) 61. d6 Kb6 62. Kg5 Ne4+ 63. Kxg6
Nxd6 64. Kxh5 c4 {[#]} 65. Nxc4+ $1 Nxc4 {KN-KPP} 66. Kg6 Kc6 67. h5 Ne5+ 68.
Kg7 Kd6 69. h6 Ke7 70. h7 Nf7 71. g4 {Precision: White = 76%, Black = 65%.} 1-0

[Event "Yingmei Cup CHN-chT 2017"]
[Site "?"]
[Date "2017.08.18"]
[Round "12"]
[White "Yu, Yangyi"]
[Black "Gao, Rui"]
[Result "1-0"]
[WhiteElo "2750"]
[BlackElo "2543"]
[Annotator "TA"]
[PlyCount "78"]
[EventDate "2017.??.??"]
[SourceTitle "Wuxi"]

1. c4 e5 2. g3 c6 3. Nf3 e4 4. Nd4 d5 5. d3 Bc5 6. Nb3 {A20: English Opening:
1...e5} Bb4+ 7. Bd2 Bxd2+ 8. Qxd2 {The position is equal.} exd3 9. Qxd3 dxc4
10. Qxc4 Nf6 $146 ({Predecessor:} 10... Be6 11. Qc2 {1/2-1/2 (42) Tazbir,M 
(2517)-Navara,D (2744) Poland 2016}) 11. Bg2 Be6 12. Qc2 O-O 13. Nc5 Bc8 14.
O-O Nbd7 15. Nb3 Qe7 16. Nc3 Nc5 17. Nd4 Rd8 18. Rad1 Bg4 19. h3 Bh5 $1 20. b4
Ne6 21. Nxe6 Qxe6 22. g4 Bg6 23. e4 Qc4 24. Qb3 Qxb3 25. axb3 Ne8 26. b5 f6 27.
bxc6 bxc6 28. Na4 (28. e5 $5) 28... Bf7 29. Nc5 $36 {Black is under pressure.}
Nc7 30. e5 Rxd1 31. Rxd1 Bd5 32. exf6 gxf6 33. Be4 Re8 34. f3 Re7 35. Kf2 Kg7
36. h4 Bxe4 37. Nxe4 Nd5 38. Rc1 Nb4 39. Kg3 Re6 {Precision: White = 73%,
Black = 60%.} 1-0

[Event "Yingmei Cup CHN-chT 2017"]
[Site "?"]
[Date "2017.08.18"]
[Round "12"]
[White "Li, Chao b"]
[Black "Ma, Qun"]
[Result "1-0"]
[WhiteElo "2735"]
[BlackElo "2637"]
[Annotator "TA"]
[PlyCount "101"]
[EventDate "2017.??.??"]
[SourceTitle "Wuxi"]

1. c4 e5 2. g3 Nf6 3. Bg2 d5 4. cxd5 Nxd5 5. Nc3 Nb6 6. Nf3 Nc6 7. O-O Be7 8.
a3 Be6 9. d3 O-O 10. b4 a5 11. b5 Nd4 12. Bb2 f6 {[%emt 0:00:04] A29: English
Opening: Four Knights Variation with g3} (12... Nb3 13. Rb1 f6 14. Nd2 Nxd2 15.
Qxd2 Nc4 16. Qc1 Nxb2 17. Qxb2 Rb8 18. Rfc1 Qd4 19. Nd5 Bd6 20. Qxd4 exd4 21.
Nxc7 {1-0 (60) Vachier Lagrave,M (2796)-Swiercz,D (2647) chess.com INT 2017})
13. Nd2 c6 14. bxc6 Nxc6 15. Na4 {LiveBook: 7 Games} Rb8 16. Rc1 Nxa4 17. Qxa4
Nd4 $146 ({Find the theoretical novelty and annotate with similar games:} 17...
b5 18. Qd1 Nd4 19. e3 {1-0 (55) Leon Hoyos,M (2599)-Breckenridge,S (2292)
Princeton 2012}) 18. Qd1 a4 19. e3 Nb3 20. Nxb3 Bxb3 21. Qe2 Bd6 22. d4 exd4
23. exd4 b5 24. Be4 Bc4 ({Better is} 24... f5 $15 25. Bc6 Bc4 26. Rxc4 bxc4 27.
Qxc4+ Kh8) 25. Qc2 (25. Qh5 $5 g6 26. Bxg6 hxg6 27. Qxg6+ Kh8 28. Qh6+ Kg8 29.
Qg6+ Kh8 30. Qh6+ Kg8 31. Qg6+ $11) 25... g6 26. Rfe1 {White wants to play
Bxg6!} Qd7 27. Qd1 Kg7 28. Qf3 Rbc8 29. h4 b4 30. h5 bxa3 31. Bxa3 Bxa3 32.
Qxa3 {And now Bxg6! would win.} Rfe8 33. Bf3 Bb3 34. hxg6 hxg6 {Hoping for ...
Rxe1+.} 35. Qb4 Rxc1 36. Rxc1 Rd8 (36... Qe7 $5 37. Qb5 Qf7 $11) 37. Rc6 Bf7
38. d5 Bxd5 39. Bxd5 Qxd5 $11 {Endgame KQR-KQR} 40. Qe7+ Kh6 (40... Kg8 $1 $11)
41. Rc7 $14 {White has compensation.} Qd1+ ({Black should play} 41... Rd6 $14)
42. Kg2 $1 $16 {Threatening mate with Qh7+.} Qd6 $2 (42... Qd4 $16) 43. Qh7+
$18 Kg5 44. f3 $2 (44. Rc2 $18 Kf5 45. Qh3+ Ke5 46. Re2+ Kd4 47. Rd2+ Kc5 48.
Rxd6 Rxd6 49. Qh7) 44... Qb4 $2 {[#]} (44... Kf5 $14 45. Rc4 Qd2+ 46. Kh3 Qd3
47. Rf4+ Ke6) 45. Rg7 $2 (45. Rc5+ $1 {NOTEXT} f5 (45... Qxc5 46. Qh4+) 46.
Qe7+ Kh6 47. Qxd8 Qb2+ 48. Kh3 Qb7 49. Rc7 Qxc7 50. Qxc7) 45... Qd2+ $2 (45...
Kf5 46. Qxg6+ Ke5) 46. Kh3 Qd3 {[#]} 47. Rxg6+ $1 Qxg6 48. f4+ (48. Qh4+ $142
Kf5 49. Qe4+ Kg5 50. Qf4+ Kh5 51. Qh4#) 48... Kf5 {White is clearly winning.}
49. g4+ $1 Kxf4 50. Qxg6 Rd6 51. Qf5+ {Precision: White = 55%, Black = 39%.}
1-0

[Event "Yingmei Cup CHN-chT 2017"]
[Site "?"]
[Date "2017.08.18"]
[Round "12"]
[White "Malakhov, Vladimir"]
[Black "Wen, Yang"]
[Result "1/2-1/2"]
[WhiteElo "2714"]
[BlackElo "2613"]
[Annotator "TA"]
[PlyCount "106"]
[EventDate "2017.??.??"]
[SourceTitle "Wuxi"]

1. e4 e5 2. Nf3 Nc6 3. Bb5 a6 4. Ba4 Nf6 5. d3 Bc5 6. Bxc6 dxc6 7. Nbd2 {
C77: Ruy Lopez: 3... a6 4 Ba4 Nf6, unusual lines} (7. h3 Nd7 8. Nc3 O-O 9. Be3
Bb4 10. O-O Re8 11. Nd2 Nf8 12. a3 Bd6 13. Nc4 Ng6 14. Nxd6 cxd6 {1/2-1/2 (36)
Grischuk,A (2737) -Aronian,L (2785) Doha 2016}) 7... Be6 {LiveBook: 4 Games} 8.
b3 Nd7 9. Bb2 f6 10. Qe2 Qe7 $146 ({Predecessor:} 10... O-O 11. Nh4 Nb6 12. O-O
Qd7 13. Kh1 Rfd8 14. a4 a5 {0-1 (54) Kopec,D (2400)-Comp KChess Boston 1993})
11. d4 exd4 12. Nxd4 {The position is equal.} Bxd4 (12... Bf7 {keeps more
tension.} 13. Nf5 Qf8 14. O-O-O O-O-O 15. f4 g6) 13. Bxd4 O-O-O 14. O-O-O Rhe8
15. f3 c5 16. Bb2 Nb8 17. Nc4 Nc6 18. Ne3 Rxd1+ 19. Rxd1 f5 20. Qf2 fxe4 21.
fxe4 g6 22. Qf4 Rf8 23. Qg3 Rf7 24. Nd5 Qf8 25. Bc3 b6 26. Kb2 Kb7 27. Rd3 a5
28. Rf3 Bxd5 29. exd5 Nd4 30. Rxf7 Qxf7 31. d6 Nb5 32. dxc7 Nxc3 33. Qxc3 Kxc7
$11 {Endgame KQ-KQ} 34. a4 Kc6 35. Qh8 h5 36. Qc8+ Kd6 37. Qd8+ Kc6 38. Qc8+
Kd6 39. Qb8+ Kc6 $1 40. Qe5 Kd7 41. h3 Kc6 42. g4 hxg4 43. hxg4 Kd7 44. Qe4
Qf6+ 45. Kc1 Kd6 46. Kb1 Qf1+ 47. Ka2 {[#] Strongly threatening Qb7.} Qf6 48.
Kb1 g5 49. Qd3+ Ke6 50. Qe4+ Kd6 51. Qd3+ Ke6 52. Qe4+ Kd6 53. Qd3+ Ke5 {
Precision: White = 82%, Black = 86%.} 1/2-1/2

[Event "Yingmei Cup CHN-chT 2017"]
[Site "?"]
[Date "2017.08.18"]
[Round "12"]
[White "Andreikin, Dmitry"]
[Black "Zhou, Jianchao"]
[Result "1/2-1/2"]
[WhiteElo "2712"]
[BlackElo "2613"]
[Annotator "TA"]
[PlyCount "80"]
[EventDate "2017.??.??"]
[SourceTitle "Wuxi"]

1. d4 Nf6 2. c4 g6 3. Nc3 d5 4. e3 Bg7 5. cxd5 Nxd5 6. Nxd5 {[%emt 0:00:04]
D80: Grünfeld: Unusual White th moves and 4 Bg5} Qxd5 7. Ne2 O-O 8. Nc3 Qd6 9.
Be2 {LiveBook: 32 Games} Rd8 10. O-O Na6 11. Bc4 $146 ({Find the theoretical
novelty and annotate with similar games:} 11. Qb3 Qb6 12. Qxb6 axb6 13. Bd2 {
0-1 (38) Savina,A (2390)-Popov,I (2656) Moscow 2013}) 11... Be6 12. Bxe6 Qxe6
13. Bd2 Qd7 14. Qb3 c5 15. Rad1 cxd4 16. exd4 Nc7 (16... Bxd4 $17 17. Ne2 Bb6)
17. Qxb7 $11 Rdb8 18. Qf3 Rxb2 19. d5 Qf5 {[#] aiming for ...Qxf3.} 20. Bf4 {
Black should prevent Rc1.} g5 21. Bxc7 Qxf3 22. gxf3 {Threatens to win with
Rc1.} Bxc3 23. a3 Rc8 24. d6 exd6 25. Bxd6 Bd2 26. Rb1 Rxb1 27. Rxb1 Rc1+ 28.
Rxc1 Bxc1 {Endgame KB-KB} 29. f4 gxf4 30. f3 f5 (30... Kg7 $15) 31. Kf1 {
The position is equal.} Kf7 32. Ke2 Ke6 33. Bf8 Kd5 34. Kd3 $1 a6 35. h3 Be3
36. a4 Bc5 37. Bg7 Bb4 38. Bd4 Bc5 39. Bb2 Bd6 40. Bd4 Bc5 {Precision: White =
68%, Black = 60%.} (40... Be5 $5 41. Bb6 Bb2 $15) 1/2-1/2

[Event "Yingmei Cup CHN-chT 2017"]
[Site "?"]
[Date "2017.08.18"]
[Round "12"]
[White "Wang, Yue"]
[Black "Bu, Xiangzhi"]
[Result "1/2-1/2"]
[WhiteElo "2706"]
[BlackElo "2713"]
[Annotator "TA"]
[PlyCount "63"]
[EventDate "2017.??.??"]
[SourceTitle "Wuxi"]

1. d4 Nf6 2. c4 e6 3. Nc3 Bb4 4. Nf3 b6 5. e3 Ne4 6. Qc2 Bb7 7. Bd3 f5 8. O-O
Bxc3 9. bxc3 O-O 10. c5 {E43: Nimzo-Indian: Rubinstein: 4...b6} bxc5 {LiveBook:
7 Games} 11. Ne1 $146 ({Predecessor:} 11. Rb1 Qc8 12. Ne5 Ba6 13. f3 Bxd3 14.
Qxd3 Nf6 15. dxc5 Nc6 16. Nxc6 dxc6 17. e4 fxe4 18. fxe4 {1-0 (25) Riazantsev,
A (2651)-Khismatullin, D (2617) Sochi 2016}) 11... cxd4 12. cxd4 {Black is
slightly better.} Nc6 13. Ba3 (13. Rb1 $5 Qc8 14. Ba3 $11) 13... Rf6 (13... Ne7
$11) 14. Rb1 $14 {White has compensation.} Rb8 15. Nf3 Rg6 16. Rfc1 (16. Bxe4 {
keeps more tension.} fxe4 17. Nd2 Ba6 18. Rxb8 Nxb8 19. Rc1) 16... Nf6 17. Bf1
Nd5 18. g3 a5 19. Bg2 Ncb4 20. Bxb4 axb4 21. Ne5 Rf6 $1 22. Rb2 Rf8 {The
position is equal.} 23. Qa4 d6 24. Nc6 Bxc6 25. Rxc6 Qd7 26. Bxd5 exd5 27. Rbc2
{[#]} f4 $1 28. exf4 Rxf4 29. Qa7 Re8 30. Rxc7 Qg4 31. Rxg7+ Qxg7 32. Qxg7+ {
Precision: White = 52%, Black = 81%.} 1/2-1/2

[Event "Yingmei Cup CHN-chT 2017"]
[Site "?"]
[Date "2017.08.18"]
[Round "12"]
[White "Wang, Hao"]
[Black "Wei, Yi"]
[Result "1/2-1/2"]
[WhiteElo "2690"]
[BlackElo "2727"]
[Annotator "TA"]
[PlyCount "65"]
[EventDate "2017.??.??"]
[SourceTitle "Wuxi"]

1. e4 e6 2. d4 d5 3. Nc3 Nf6 4. e5 Nfd7 5. f4 c5 6. Nf3 Nc6 7. Be3 a6 8. Qd2 b5
9. dxc5 Bxc5 10. Ne2 {C11: French: Classical System: 4 e5 and 4 Bg5 dxe4} (10.
Bd3 Qb6 11. Bf2 h6 12. O-O O-O 13. Rae1 Ra7 14. f5 Bxf2+ 15. Rxf2 d4 16. Ne4
exf5 17. Ng3 f6 {1/2-1/2 (56) Yu,Y (2749)-Vitiugov,N (2720) Khanty-Mansiysk
2017}) 10... O-O {LiveBook: 4 Games} 11. Bxc5 Nxc5 12. Ned4 Ne4 13. Qe3 Nxd4
14. Qxd4 b4 $146 ({Predecessor:} 14... f6 15. exf6 Qxf6 16. Qxf6 gxf6 17. Bd3
Bb7 18. Bxe4 dxe4 {1/2-1/2 (26) Sarrau,J (2229)-Alienkin,A (2402) Namur 2009})
15. Bd3 a5 16. O-O Qc7 17. Rad1 Ba6 18. Rfe1 Rfc8 19. Qe3 a4 20. Nd4 a3 21.
Bxe4 dxe4 22. b3 $1 Rd8 23. Qxe4 Rd5 24. Rd2 Rad8 25. Red1 g5 26. Qe3 Qc5 27.
f5 Kh8 28. fxe6 fxe6 29. Qxg5 {[#] Qf6+ is the strong threat.} Rxd4 {The
position is equal.} 30. Qf6+ Kg8 31. Qxe6+ Kh8 32. Qf6+ Kg8 33. Qg5+ {
Precision: White = 61%, Black = 78%.} 1/2-1/2

[Event "Yingmei Cup CHN-chT 2017"]
[Site "?"]
[Date "2017.08.18"]
[Round "12"]
[White "Lu, Shanglei"]
[Black "Xu, Xiangyu"]
[Result "1/2-1/2"]
[WhiteElo "2620"]
[BlackElo "2503"]
[Annotator "TA"]
[PlyCount "59"]
[EventDate "2017.??.??"]
[SourceTitle "Wuxi"]

1. e4 e5 2. Bc4 Nf6 3. d3 c6 4. Nf3 d5 5. Bb3 Qc7 (5... Bb4+ 6. Bd2 Bd6 7. Nc3
dxe4 8. Ng5 O-O 9. Ncxe4 Be7 10. h4 Nbd7 11. Qf3 Qe8 12. O-O-O a5 13. a3 {
1-0 (23) Caruana,F (2817)-Akobian,V (2645) chess.com INT 2017}) 6. Nc3 {
C24: Bishop's Opening: 2...Nf6} dxe4 $146 ({Predecessor:} 6... Bb4 7. Bd2 Bxc3
8. Bxc3 d4 9. Bd2 O-O 10. h3 c5 11. Qe2 a5 12. a3 Ne8 13. O-O {1-0 (53) Fenil,
S (2129)-Mohammad,M (2339) Nagpur 2008}) 7. Nxe4 Nxe4 8. dxe4 {Hoping for Ng5.}
Bg4 9. Qd2 f6 10. Nh4 Na6 $132 {[#] White must now prevent ...Rd8. Black puts
up resistance} 11. f3 Rd8 ({Better is} 11... Bd7) 12. Qf2 (12. Qe2 $5 Bh5 13.
Nf5 $14) 12... Bc8 13. Be3 {[#]} Bc5 $1 14. O-O (14. Bxc5 Qa5+) 14... Bxe3 (
14... Qb6 $5 15. Bxc5 Nxc5 $11) 15. Qxe3 Qb6 16. Nf5 Qxe3+ (16... Bxf5 {
looks sharper.} 17. Qxb6 axb6 18. exf5 Ke7 19. Rad1 g6) 17. Nxe3 {The position
is equal.} Nc5 18. Bc4 Be6 (18... b5 {with more complications.} 19. Be2 Na4 20.
b3 Nc3 21. Bd3 Be6) 19. Bxe6 Nxe6 20. Rfd1 Kf7 21. Kf2 g6 22. Ke2 Ke7 23. c3
Nf4+ 24. Kf1 Ne6 25. Ke2 Nf4+ 26. Kf1 Ne6 27. Ke2 Nf4+ 28. Kf1 Ne6 29. Ke2 Nf4+
30. Kf1 {Precision: White = 51%, Black = 59%.} 1/2-1/2

[Event "Yingmei Cup CHN-chT 2017"]
[Site "?"]
[Date "2017.08.18"]
[Round "12"]
[White "Zhou, Weiqi"]
[Black "Ni, Hua"]
[Result "1/2-1/2"]
[WhiteElo "2606"]
[BlackElo "2674"]
[Annotator "TA"]
[PlyCount "61"]
[EventDate "2017.??.??"]
[SourceTitle "Wuxi"]

1. e4 e5 2. Nf3 Nc6 3. Bb5 Nf6 4. O-O Nxe4 5. Re1 Nd6 6. Nxe5 Be7 7. Bf1 Nf5 {
C67: Ruy Lopez: Berlin Defence: 4 0-0 Nxe4} 8. Nf3 O-O 9. d4 d5 10. c3 Bd6 11.
Nbd2 Re8 12. Rxe8+ {LiveBook: 3 Games} Qxe8 13. Bd3 g6 14. Nf1 {[#]} f6 $146 ({
Predecessor:} 14... Nce7 15. Bg5 {1/2-1/2 (92) Gao,R (2487)-Georgiev,K (2644)
Albena 2014}) 15. Bd2 Nce7 16. Qb3 c6 17. Re1 Qf7 18. a4 Rb8 19. Qc2 Bd7 20. a5
Re8 21. b4 Nc8 22. Qc1 Rxe1 23. Qxe1 (23. Nxe1 {seems wilder.} g5 24. Qc2 Nce7
25. Bc1 h5 26. Ne3) 23... Nce7 24. Ng3 Nxg3 25. hxg3 Bf5 26. Bxf5 Nxf5 27. Nh4
(27. a6 $5) 27... Nxh4 28. gxh4 {The position is equal.} Qe7 29. Qxe7 Bxe7 30.
f3 Kf7 31. Kf2 {Precision: White = 22%, Black = 51%.} 1/2-1/2